000 00466nam a22001817a 4500
003 OSt
005 20251013131247.0
008 251013b |||||||| |||| 00| 0 eng d
020 _a9789353459130
082 _a954.04
_bZUBD
100 _aZubrzycki,John
245 _aDethroned: Patel, Menon and the integration of princely India
260 _aNew Delhi
_bJuggernaut Books
300 _a337p.
546 _aEnglish
651 _aHistory ,India
942 _2ddc
_cBK
999 _c3876
_d3876